000 00770nam a2200229 a 4500
003 BD-DhJNU
005 20250831045407.0
008 870922s1986 nyu b 001 0 eng
020 _a0393023729
040 _aBD-DhJNU
_bENG
_cBD-DhJNU
_dBD-DhJNU
082 0 0 _a947 LEK
_223
100 1 _aLeonhard, Wolfgang.
245 1 4 _aThe Kremlin and the West :
_ba realistic approach /
_cWolfgang Leonhard ; translated by Houchang E. Chehabi.
260 _aNew York :
_bW.W. Norton,
_c1986.
300 _axii, 228 p. ;
_c22 cm.
500 _aIncludes index.
504 _aBibliography: p. [215]-217.
650 0 _aWorld politics
_y1985-1995.
651 0 _aSoviet Union
_xPolitics and government
_y1985-1991.
651 0 _aSoviet Union
_xForeign relations
_y1975-
942 _cBK
_2ddc
999 _c2049
_d2049